Juventud, cultura, sexualidad : la dimensión cultural en la afectividad y la sexualidad de los jóvenes de buenos aires /
Guardado en:
| Autor Principal: | |
|---|---|
| Otros Autores: | , , , , , , , , , , |
| Formato: | Libro |
| Publicado: |
Buenos Aires :
Biblos,
2003.
|
| Materias: | |
| Etiquetas: |
Agregar Etiqueta
Sin Etiquetas, Sea el primero en etiquetar este registro!
|
| LEADER | 02453nam a22003735a 4500 | ||
|---|---|---|---|
| 001 | CEM.cems011932 | ||
| 005 | 20070518214554.0 | ||
| 008 | 130507s2003##################000#0#####d | ||
| 003 | CEMS | ||
| 020 | |a 9507863656 | ||
| 082 | 0 | 4 | |a 309.82 |
| 100 | 1 | |a Margulis, Mario | |
| 245 | 1 | 0 | |a Juventud, cultura, sexualidad : |b la dimensión cultural en la afectividad y la sexualidad de los jóvenes de buenos aires / |c Mario Margulis ; sofía Cecconi; maría Cecilia Farraudi Curto. |
| 260 | |a Buenos Aires : |b Biblos, |c 2003. | ||
| 300 | |a 302 p. | ||
| 505 | 0 | |a Presentación / Mario Margulis -- Mandatos culturales sobre la sexualidad y el amor / Mario Margulis -- Sexualidad y cambio cultural entre jóvenes de los sectores medios / Mario Margulis ; Maricel Rodríguez Blanco ; Lucía Wang -- Modelos de matrimonio / Marcelo Urresti -- Género, sexualidad y afectividad : modelos culturales dominantes e incipientes / Vanina Leschziner ; Silvia Kuasñosky -- Estética de la afectividad y modalidades de vinculación en el boliche / Fernando Pérez ; Julián Piñero -- Cambios en la pareja / Mario Margulis ; Maricel Rodríguez Blanco ; Lucía Wang -- La masculinidad en la encrucijada / Marcelo Urresti -- Cuatro antinomias para una sociología de las minorías sexuales / Ernesto Meccia -- Cuerpo y sexualidad : condiciones de precariedad y representaciones de género / Sofía Cecconi -- Factores culturales en las prácticas anticonceptivas / Mario Margulis -- Prácticas anticonceptivas entre las mujeres jóvenes /Inés Mancini ; Lucía Wang -- La dimensión cultural del embarazo y la maternidad adolescente / Marcelo Urresti -- "Por nuestras hijas" : vínculos afectivos en las familias / Juliana Marcús -- De machos y pollerudos : formas de la identidad masculina / María Cecilia Ferraudi Curto. | |
| 653 | |a Sociología | ||
| 653 | |a Sociología argentina | ||
| 653 | |a Juventud | ||
| 653 | |a Adolescencia-sexualidad | ||
| 653 | |a Adolescencia-familia | ||
| 653 | |a Sexualidad. | ||
| 700 | 1 | |a Cecconi, Sofía | |
| 700 | 1 | |a Ferraudi Curto, María Cecilia | |
| 700 | 1 | |a Kuasñosky, Silvia | |
| 700 | 1 | |a Leschziner, Vanina | |
| 700 | 1 | |a Mancini, Inés | |
| 700 | 1 | |a Marcús, Juliana | |
| 700 | 1 | |a Meccia, Ernesto | |
| 700 | 1 | |a Pérez, Fernando | |
| 700 | 1 | |a Piñero, Julián | |
| 700 | 1 | |a Rodríguez Blanco, Maricel | |
| 700 | 1 | |a Urresti, Marcelo -- Wang, Lucía. | |
| 859 | |a CEMS |b BIB. CEMS - 11 de abril |h 309.82 |i M337 |p 23067.05 |t Ej.1 | ||
